00515nam a22001817a 450000500170000001000130001702000260003003500130005603700090006908200110007810000150008924500420010425000130014626000450015927000630020430000260026749000400029320210524145813.0 aB-739929 a9780195648225c965.00 aB-739929 bGift a305.56 aK.S. Singh aThe scheduled castes /cby K.S. Singh arev. ed. aNew DelhibOxford University Pressc2012 aYMCA Library Building, 1 Jai Singh RoadbNew Delhie110001 axv, 1375p.c22cm(pbk) aPeople of India National SeriesvII